000 00541nam a2200193Ia 4500
003 OSt
005 20191224114446.0
008 190216s9999||||xx |||||||||||||| ||und||
020 _a8185274371
040 _coclc
082 _a339
_bREY/M
100 _aReynolds, Llyod G
_9719
245 0 _aMacroeconomics Analysis And Policy /
_cLlyod G Reynolds
250 _a6th ed.
260 _bUniversal Bookstall,
_c1997.
_aNewdelhi:
300 _a471p
650 _aEconomics
942 _cBK
_2ddc
_h339
_iREY/M
_k339
_mREY/M
999 _c10306
_d10306